logo

Bir Sreshtho Munshi Abdur Rouf Library
Jhenaidah Cadet College

District administration in West Pakistan: (Record no. 8920)

MARC details
000 -LEADER
fixed length control field 00880cam a22002651 4500
001 - CONTROL NUMBER
JCCL Control Number 8920
003 - CONTROL NUMBER IDENTIFIER
JCCL marc code BD-JhCC
005 - DATE AND TIME OF LATEST TRANSACTION
control field 20180621132440.0
008 - FIXED-LENGTH DATA ELEMENTS--GENERAL INFORMATION
fixed length control field 760928s1964 pk b l000 0 eng
035 ## - SYSTEM CONTROL NUMBER
system control number (BD-JhCC)8920
040 ## - CATALOGING SOURCE
Original cataloging agency DLC
Transcribing agency PSt
Modifying agency DLC
-- BD-JhCC
041 ## - LANGUAGE CODE
Language code of Book eng
050 00 - LIBRARY OF CONGRESS CALL NUMBER
Classification number JS7092
Item number .I5
082 ## - DEWEY DECIMAL CLASSIFICATION NUMBER
Author mark and Year INA 1964
Classification number 352.00095491
100 0# - MAIN ENTRY--PERSONAL NAME
Personal name Inayatullah,
245 00 - TITLE STATEMENT
Title District administration in West Pakistan:
Remainder of title its problems & challenges.
260 ## - PUBLICATION, DISTRIBUTION, ETC. (IMPRINT)
Place of publication, distribution, etc Peshawar,
Name of publisher, distributor, etc Pakistan Academy for Rural Development,
Date of publication, distribution, etc 1964.
300 ## - PHYSICAL DESCRIPTION
Pagination iii, 336 p.
Dimensions 25 cm.
500 ## - GENERAL NOTE
General note Revision of papers presented at a symposium held April 3-4, 1964 at the Pakistan Academy for Rural Development.
504 ## - BIBLIOGRAPHY, ETC. NOTE
Bibliography, etc Bibliographical footnotes.
650 #0 - SUBJECT ADDED ENTRY--TOPICAL TERM
Topical term or geographic name as entry element Local government
Geographic subdivision Pakistan.
710 2# - ADDED ENTRY--CORPORATE NAME
Corporate name or jurisdiction name as entry element Pakistan Academy for Rural Development, Peshawar.
942 ## - ADDED ENTRY ELEMENTS (KOHA)
Source of classification or shelving scheme Dewey Decimal Classification
Koha item type Books
Holdings
Source of classification or shelving scheme Damaged status Not for loan Home library Current library Shelving location Total Checkouts Full call number Barcode Date last seen Copy number Koha item type
Dewey Decimal Classification     JCC Rouf Library JCC Rouf Library General Stacks   352.00095491 INA 1964 11929 03/05/2018 C - 1 Books

JCC Library | Contacts | JCC Home

Last Update on 23 September 2017
Copyright @ 2017-2020 JCC Rouf Library
Rouf Library, Jhenidah Cadet College (JCC), Bangladesh